000 00230nam a2200097Ia 4500
008 170619s9999 xx 000 0 und d
100 _aBeckwith- Thomas G.
245 0 _aMechanical Measurement
260 _bNew Delhi: PHI
260 _c2003
546 _aENGLISH
999 _c16682
_d16682